| 000 | 00589nam a2200193Ia 4500 | ||
|---|---|---|---|
| 003 | LDD | ||
| 008 | 181029s9999 xx 000 0 und d | ||
| 020 |
_a387242996 _cE62.95 |
||
| 040 | _cLDD | ||
| 100 | _aDjukic, Dusan | ||
| 245 | 4 |
_aThe IMO compendium _ba collection of problems suggested for the international mat _cDusan Djukic |
|
| 260 |
_aNew York _bSpringer _c2006 |
||
| 300 | _axiv, 740p. | ||
| 365 | _bE 62.95 | ||
| 901 |
_a4090 _b09-01-2008 |
||
| 902 |
_aINV-4659 _b19-02-2008 _cF _dASIAN _e51 |
||
| 903 |
_aDiscount-15 _bReqst by : S. Venkataraman |
||
| 942 |
_2ddc _cBK |
||
| 999 |
_c81057 _d81057 |
||